[Event "Catarinense-ch (Women)"]
[Site "Blumenau"]
[Date "2017.05.20"]
[Round "4"]
[White "De Mello, Amanda Carolina"]
[Black "Kanzler, Karina Daniela"]
[Result "1/2-1/2"]
[WhiteElo "1862"]
[BlackElo "1870"]
[PlyCount "39"]
[EventDate "2017.05.19"]
[EventType "swiss"]
[EventRounds "6"]
[EventCountry "BRA"]
[SourceTitle "CBM 178 Extra"]
[Source "ChessBase"]
[SourceDate "2017.06.22"]
[SourceVersion "1"]
[SourceVersionDate "2017.06.22"]
[SourceQuality "1"]

1. c4 Nf6 2. Nc3 e6 3. d4 Be7 4. Bg5 b6 5. e3 Bb7 6. Nf3 Ne4 7. Bxe7 Qxe7 8. Bd3 Nxc3 9. bxc3 0-0 10. 0-0 d6 11. Qc2 Bxf3 12. gxf3 f5 13. Kh1 Nd7 14. Rg1 Rf6 15. Rg2 Kh8 16. Rag1 Rg8 17. e4 Qf7 18. Qd2 f4 19. Rg5 e5 20. Qd1 1/2-1/2

[Event "Florianopolis op 3rd"]
[Site "Florianopolis"]
[Date "2017.01.25"]
[Round "9"]
[White "De Mello, Amanda Carolina"]
[Black "Dornelles, Marcio Neron Camarg"]
[Result "1-0"]
[WhiteElo "1831"]
[BlackElo "1986"]
[PlyCount "85"]
[EventDate "2017.01.20"]
[EventType "swiss"]
[EventRounds "10"]
[EventCountry "BRA"]
[SourceTitle "CBM 176 Extra"]
[Source "ChessBase"]
[SourceDate "2017.03.02"]
[SourceVersion "1"]
[SourceVersionDate "2017.03.02"]
[SourceQuality "1"]

1. c4 e5 2. Nc3 Nf6 3. g3 Bb4 4. Qb3 Nc6 5. Bg2 Bxc3 6. Qxc3 d6 7. d3 0-0 8. e3 Re8 9. Ne2 Bg4 10. h3 Bf5 11. 0-0 Qd7 12. Kh2 Rad8 13. e4 Bg6 14. Be3 Qe7 15. b4 b6 16. a3 Nd7 17. f4 f6 18. f5 Bf7 19. g4 Ncb8 20. h4 Kh8 21. g5 c6 22. Kg3 d5 23. cxd5 cxd5 24. exd5 Rc8 25. Qd2 g6 26. Be4 gxf5 27. Rxf5 Rg8 28. Kh2 Bh5 29. Ng3 Bg4 30. Rf2 fxg5 31. Bxg5 Qd6 32. Rf7 Rg7 33. Raf1 Rcg8 34. Qf2 Rxf7 35. Qxf7 Rg7 36. Qe8+ Rg8 37. Qe7 Qxe7 38. Bxe7 Kg7 39. Nf5+ Bxf5 40. Bxf5 Rc8 41. Be6 Rc3 42. Rg1+ Kh6 43. Bg5+ 1-0

[Event "Florianopolis op 3rd"]
[Site "Florianopolis"]
[Date "2017.01.22"]
[Round "4"]
[White "Carvalho, Herbert Abreu"]
[Black "De Mello, Amanda Carolina"]
[Result "1-0"]
[WhiteElo "2151"]
[BlackElo "1831"]
[PlyCount "67"]
[EventDate "2017.01.20"]
[EventType "swiss"]
[EventRounds "10"]
[EventCountry "BRA"]
[SourceTitle "CBM 176 Extra"]
[Source "ChessBase"]
[SourceDate "2017.03.02"]
[SourceVersion "1"]
[SourceVersionDate "2017.03.02"]
[SourceQuality "1"]

1. d4 e6 2. Nf3 f5 3. g3 Nf6 4. Bg2 Be7 5. 0-0 0-0 6. c4 d5 7. Qc2 c6 8. Nbd2 Qe8 9. Ne5 Qh5 10. Ndf3 Ne4 11. Nd3 g5 12. Nfe5 Kh8 13. f3 Nf6 14. Nf2 Na6 15. Bd2 Nd7 16. Nfd3 Rf6 17. e4 Nxe5 18. Nxe5 Rh6 19. h3 Nb4 20. Qb3 dxc4 21. Qxc4 a5 22. a3 Na6 23. Bxa5 Bd6 24. Rad1 Rf6 25. Qc1 c5 26. Bc3 Rf8 27. dxc5 Bxc5+ 28. Bd4 Bxd4+ 29. Rxd4 h6 30. Rfd1 b6 31. Rd8 Bb7 32. g4 fxg4 33. hxg4 Qh4 34. Ng6+ 1-0

[Event "Itajai JASC (Women) 54th"]
[Site "Itajai"]
[Date "2014.11.17"]
[Round "2"]
[White "Ichimura G Barbosa, Larissa Yuki"]
[Black "De Mello, Amanda Carolina"]
[Result "1-0"]
[WhiteElo "1926"]
[BlackElo "1844"]
[PlyCount "67"]
[EventDate "2014.11.16"]
[EventType "team-swiss"]
[EventRounds "7"]
[EventCountry "BRA"]
[SourceTitle "EXT 2019"]
[Source "ChessBase"]
[SourceDate "2018.10.10"]
[SourceVersion "1"]
[SourceVersionDate "2018.10.10"]
[SourceQuality "1"]
[WhiteTeam "Concordia (W)"]
[BlackTeam "Joinville (W)"]
[WhiteTeamCountry "BRA"]
[BlackTeamCountry "BRA"]

1. e4 c6 2. d4 d5 3. exd5 cxd5 4. c4 Nf6 5. Nc3 e6 6. Nf3 Nc6 7. cxd5 Nxd5 8. Bd3 Be7 9. 0-0 0-0 10. Re1 Bf6 11. Bb1 Nce7 12. Ne4 b6 13. Nxf6+ Nxf6 14. Bg5 Ned5 15. Ne5 Bb7 16. Ng4 Rb8 17. Qd3 g6 18. Qf3 Kg7 19. Be4 h5 20. Nxf6 Nxf6 21. Bxb7 Qxd4 22. Bxf6+ Qxf6 23. Qxf6+ Kxf6 24. Be4 Rfd8 25. Red1 Ke5 26. Bc2 Rbc8 27. Bb3 Kf6 28. Rxd8 Rxd8 29. Rd1 Rc8 30. g3 Ke7 31. Ba4 Rc7 32. Rd3 a6 33. Rc3 Rxc3 34. bxc3 1-0